Peace operations (Record no. 75536)
[ view plain ]
| 000 -LEADER | |
|---|---|
| fixed length control field | 01837nam a2200397 a 4500 |
| 082 04 - DEWEY DECIMAL CLASSIFICATION NUMBER | |
| Classification number | 341.5/84 |
| 245 00 - TITLE STATEMENT | |
| Title | Peace operations |
| 260 ## - PUBLICATION, DISTRIBUTION, ETC. (IMPRINT) | |
| Place of publication | Washington, D.C. : |
| Name of publisher | Georgetown University Press, |
| Year of publication | c2008. |
| 300 ## - PHYSICAL DESCRIPTION | |
| Number of Pages | xiii, 271 p. |
| 500 ## - GENERAL NOTE | |
| General note | "A joint project of the Center for Peace and Security Studies of the School of Foreign Service, Georgetown University; the Fund for Peace; and, the Stockholm International Peace Research Institute." |
| 650 #0 - SUBJECT ADDED ENTRY--TOPICAL TERM | |
| Topical Term | Security, International. |
| Topical Term | Peacekeeping forces. |
| Topical Term | Conflict management |
| Topical Term | Peace-building |
| 700 1# - ADDED ENTRY--PERSONAL NAME | |
| Personal name | Daniel, Donald C. |
| Personal name | Taft, Patricia. |
| Personal name | Wiharta, Sharon. |
| 856 40 - ELECTRONIC LOCATION AND ACCESS | |
| Uniform Resource Identifier | http://site.ebrary.com/lib/rucke/Doc?id=10292324 |
No items available.
